| 000 | 00910cam a2200301Ma 4500 | ||
|---|---|---|---|
| 001 | 94639 | ||
| 005 | 20230410130915.0 | ||
| 008 | 960206s1981 mx g 000 0 spa d | ||
| 035 | _a(OCoLC)ocn651511285 | ||
| 040 |
_aBNMEX _bspa _cBNMEX |
||
| 020 | _a9685972044 | ||
| 020 | _a9789685972048 | ||
| 041 | _aspa | ||
| 050 | 1 | 4 |
_aPQ 7516 _bA679c 1981 |
| 082 | 0 | 0 | _a808.8 |
| 049 | _aGRAL | ||
| 100 | 1 | _aArellano, Jorge Eduardo. | |
| 245 | 1 | 0 |
_aCanto a Nicaragua libre / _cJorge Eduardo Arellano. |
| 260 |
_aMéxico : _bLa Rosa de los Vientos veintiuno, 1981 |
||
| 300 |
_a24 p. ; _c20 cm. |
||
| 650 | 4 | _aCES | |
| 650 | 4 | _aColección Enriquillo Sánchez | |
| 710 | 2 | 2 |
_aUniversidad Autónoma Metropolitana (México, D.F.) _bUnidad Azcapotzalco _bCoordinación de Extensión Universitaria. |
| 830 | 0 | _aColección la rosa de los vientos 21. | |
| 942 |
_2lcc _cbk |
||
| 994 |
_aC0 _bDRFGD |
||
| 946 | _aJP | ||
| 999 |
_c82524 _d82524 |
||